Przyrząd, który chirurg zawsze ma pod ręką podczas pracy. - Statystyki

Ogólne statystyki
  • Ten quiz został rozwiązany 22 razy
  • Średni wynik to 2 z 6
Statystyki odpowiedzi
Odpowiedź % Poprawnych
Skalpel
89%
Igła
37%
Szczypce
26%
Stetoskop
11%
Kleszcze
5%
Nić chirurgiczna
5%
Nie znaleziono quizów pasujących do podanych kryteriów
Rozkład punktacji
Procent ludzi z każdym wynikiem
Percentyl według liczby udzielonych odpowiedzi
Twoja historia wyników
Nie rozwiązałeś tego quizu